|
|
|
|
| LEADER |
00000cam a2200000 a 4500 |
| 001 |
vtls001125152 |
| 003 |
SK-MaSNL |
| 005 |
20260301191041.0 |
| 008 |
240226s1989 xo l grnf 000 0 slo |
| 015 |
|
|
|a SNBA1989
|
| 020 |
|
|
|q (brožované)
|
| 035 |
|
|
|a SNK000068001
|
| 035 |
|
|
|a BC09DECE-6016-4E56-8B42-4967B9F44D9B
|
| 035 |
|
|
|a urn:nbn:sk:snk-am00iige
|
| 040 |
|
|
|a SNK
|b slo
|c SNK
|e AACR2
|
| 041 |
1 |
|
|a slo
|h eng
|
| 044 |
|
|
|a xo
|c SK
|
| 072 |
|
7 |
|a 316.36
|x Manželstvo a rodina. Sexuálne vzťahy
|2 konspekt
|
| 072 |
|
7 |
|a 364
|x Sociálne problémy vyžadujúce podporu a pomoc. Sociálne zabezpečenie
|2 konspekt
|
| 072 |
|
7 |
|a 159.9
|x Psychológia
|2 konspekt
|
| 080 |
|
|
|a 316.361
|2 2011
|
| 080 |
|
|
|a 615.851:159.964.21
|2 2001
|
| 080 |
|
|
|a 364-785.62
|2 2011
|
| 080 |
|
|
|a 159.9
|2 2011
|
| 080 |
|
|
|a (072)
|2 2011
|
| 080 |
|
|
|a 364-785.4:316.361
|2 2011
|
| 100 |
1 |
|
|a Segraves, R. Taylor,
|d 1941-
|4 aut
|9 567136
|
| 245 |
1 |
0 |
|a Maritálna terapia
|b (kombinovaný psychodynamicko-behaviorálny prístup)
|c R. Taylor Segraves ; [z anglického originálu preložil: Ivan Valkovič]
|
| 246 |
3 |
4 |
|a Maritálna terapia
|
| 260 |
|
|
|a Bratislava
|b Krajská manželská a predmanželská poradňa pri ZsKNV
|c 1989
|
| 300 |
|
|
|a 295 strán
|b schémy, tabuľky
|c 21 cm
|
| 366 |
|
|
|e 250 kusov
|
| 500 |
|
|
|a Metodický materiál. Text na zadnom obale česky
|
| 500 |
|
|
|a Preložené z angličtiny
|
| 500 |
|
|
|a Obsahuje 9 príspevkov
|
| 500 |
|
|
|a Názov z obalu: Maritálna terapia
|
| 504 |
|
|
|a Bibliografia na strane 273-295
|
| 521 |
|
|
|a Určené len pre vnútornú potrebu pracovníkov poradní
|
| 650 |
0 |
7 |
|a manželstvo
|2 SNKPH
|9 659
|
| 650 |
0 |
7 |
|a manželská terapia
|2 SNKPH
|9 75481
|
| 650 |
0 |
7 |
|a psychologické aspekty
|2 SNKPH
|9 3875
|
| 650 |
0 |
7 |
|a psychodynamická psychoterapia
|2 SNKPH
|9 73910
|
| 650 |
0 |
7 |
|a behaviorálna terapia
|2 SNKPH
|9 83566
|
| 655 |
|
7 |
|a metodické príručky
|2 SNKPH
|9 70250
|
| 700 |
1 |
|
|a Valkovič, Ivan
|4 trl
|9 7850
|
| 740 |
0 |
2 |
|a Súčasný stav maritálnej terapie
|
| 740 |
0 |
2 |
|a Vzťah manželstva a psychologického zdravia
|
| 740 |
0 |
2 |
|a Psychoanalytická teória a manželstvo
|
| 740 |
0 |
2 |
|a Všeobecná systémová teória a manželstvo
|
| 740 |
0 |
2 |
|a Behaviorálna maritálna terapia
|
| 740 |
0 |
2 |
|a Vnútorné svety, vonkajšia realita a interakčné systémy
|
| 740 |
0 |
2 |
|a Integrovaný model
|
| 740 |
0 |
2 |
|a Klinická aplikácia
|
| 740 |
0 |
2 |
|a Kazuistika
|
| 852 |
|
|
|a Slovenská národná knižnica
|
| 954 |
|
|
|a odborná, vedecká literatúra cudzojazyčná (svetová)
|2 lita
|
| 958 |
|
|
|a RK
|
| 958 |
|
|
|a TL
|
| 958 |
|
|
|a OND
|
| 958 |
|
|
|a OP
|
| 958 |
|
|
|a SP
|
| 958 |
|
|
|a NB
|
| 958 |
|
|
|a EUIPO
|
| 999 |
|
|
|c 869745
|d 871675
|
| 952 |
|
|
|a SNK
|b SNK
|y PREZ
|7 0
|p 17A0997190
|o snkSC 74555
|i snkKSP 5087/89
|0 0
|1 0
|4 0
|d 2012-09-26
|f 1
|l 0
|r 2025-07-31 00:00:00
|w 2026-02-24
|
| 952 |
|
|
|t P60, <04>, [BOOK], {604}
|a SNK
|b SNK
|y VYP
|7 0
|p 17A0056892
|o snkSC 74555 D1
|0 0
|1 0
|4 0
|d 1997-03-24
|l 0
|r 2004-12-31 00:00:00
|w 2026-02-24
|